[Event "125th YMCA Summer A"]
[Site "Warszawa"]
[Date "2013.07.20"]
[Round "1"]
[White "Szefer, Michal"]
[Black "Szewczak, Andrzej"]
[Result "1-0"]
[WhiteElo "1965"]
[BlackElo "1974"]
[PlyCount "49"]
[EventDate "2013.07.05"]
[EventType "tourn"]
[EventRounds "2"]
[EventCountry "POL"]
[SourceDate "2013.07.05"]

1. e4 e5 2. d4 Nc6 3. Nf3 exd4 4. Bc4 Bc5 5. O-O Nge7 6. Ng5 Ne5 7. Bxf7+ Nxf7
8. Nxf7 Kxf7 9. Qh5+ g6 10. Qxc5 Nc6 11. Qd5+ Kg7 12. f4 h6 13. b3 Qg8 14. Bb2
Kh7 15. Qb5 Qe6 16. Nd2 Re8 17. Rae1 a5 18. f5 gxf5 19. Rxf5 a4 20. Qd3 a3 21.
e5 Kh8 22. Rf6 Qg4 23. Rxh6+ Kg8 24. Qh7+ Kf8 25. Rf6# 1-0

[Event "125th YMCA Summer A"]
[Site "Warszawa"]
[Date "2013.07.05"]
[Round "1"]
[White "Kasperkiewicz, Pawel"]
[Black "Liberadzki, Slawomir"]
[Result "1/2-1/2"]
[WhiteElo "2073"]
[BlackElo "2070"]
[Annotator "Admin"]
[PlyCount "72"]
[EventDate "2013.07.05"]
[EventType "tourn"]
[EventRounds "2"]
[EventCountry "POL"]
[SourceDate "2013.07.05"]

1. e4 c5 2. Nf3 e6 3. d4 cxd4 4. Nxd4 Nc6 5. Nc3 Qc7 6. g3 a6 7. Bg2 d6 8. O-O
Bd7 9. Re1 Be7 10. a4 Rc8 11. Nxc6 Bxc6 12. Qg4 h5 13. Qe2 h4 14. Bf4 hxg3 15.
hxg3 e5 16. Be3 Nf6 17. Red1 Kf8 18. a5 g6 19. Bb6 Qd7 20. Rd2 Kg7 21. Rad1 Qe8
22. Be3 Qg8 23. Bg5 Qh7 24. Bxf6+ Kxf6 25. b3 Kg7 26. Nd5 Bxd5 27. Rxd5 Qh5 28.
Qxh5 gxh5 29. c4 h4 30. Bf3 hxg3 31. fxg3 Rh3 32. Kf2 Rh2+ 33. Bg2 Rh6 34. Rh1
Rf6+ 35. Bf3 Bd8 36. Rhd1 Be7 $11 1/2-1/2

[Event "125th YMCA Summer A"]
[Site "Warszawa"]
[Date "2013.07.05"]
[Round "1"]
[White "Goslawski, Michal"]
[Black "Wojtaszewski, Piotr"]
[Result "0-1"]
[WhiteElo "2118"]
[BlackElo "2018"]
[PlyCount "78"]
[EventDate "2013.07.05"]
[EventType "tourn"]
[EventRounds "2"]
[EventCountry "POL"]
[SourceDate "2013.07.05"]

1. Nf3 Nf6 2. c4 Nc6 3. d4 d6 4. d5 Ne5 5. Nxe5 dxe5 6. Nc3 e6 7. e4 exd5 8.
cxd5 Bc5 9. Be2 O-O 10. O-O Bd7 11. Bg5 c6 12. Rc1 Bd4 13. Qb3 Qb6 14. Bxf6
Qxb3 15. axb3 gxf6 16. Bc4 c5 17. Bd3 Rfc8 18. Rc2 b6 19. Ne2 a5 20. Nxd4 exd4
21. f4 a4 22. bxa4 Bxa4 23. Rcc1 Bb3 24. Bc4 Bxc4 25. Rxc4 Ra2 26. b4 Re2 27.
bxc5 bxc5 28. Rfc1 Rxe4 29. g3 f5 30. Kf2 d3 31. Rxe4 fxe4 32. Ke3 f5 33. g4 c4
34. d6 Kf7 35. d7 Rd8 36. Rxc4 Rxd7 37. Rc1 d2 38. Rd1 Rd3+ 39. Ke2 fxg4 0-1

[Event "125th YMCA Summer A"]
[Site "Warszawa"]
[Date "2013.07.12"]
[Round "2"]
[White "Szewczak, Andrzej"]
[Black "Wojtaszewski, Piotr"]
[Result "1-0"]
[WhiteElo "1974"]
[BlackElo "2018"]
[Annotator "Admin"]
[PlyCount "109"]
[EventDate "2013.07.05"]
[EventType "tourn"]
[EventRounds "2"]
[EventCountry "POL"]
[SourceDate "2013.07.05"]

1. e4 c6 2. Nc3 d5 3. d3 dxe4 4. dxe4 Qxd1+ 5. Nxd1 g6 6. Bd2 Bg7 7. f3 Nf6 8.
Ne3 O-O 9. O-O-O Nbd7 10. Nh3 b5 11. Nf2 a5 12. Neg4 Nxg4 13. Nxg4 Nc5 14. Nf2
Be6 15. Kb1 Na4 16. Bc1 Bc4 17. Rd7 e6 18. Bxc4 bxc4 19. c3 Rfb8 20. Kc2 Nc5
21. Rc7 Ra6 22. Bf4 Rab6 23. Rb1 Na4 24. Nd1 Rd8 25. Ne3 e5 26. Bg3 f6 27. Nxc4
Ra6 28. Bf2 Bf8 29. Rd1 Rxd1 30. Kxd1 Bc5 31. Bh4 g5 32. Be1 Bf8 33. Bf2 Bc5
34. Ke2 Bxf2 35. Kxf2 Nc5 36. Ke3 a4 37. a3 h5 $11 38. g3 Ne6 39. Rb7 Ra8 40.
Rb6 Rc8 41. Ra6 Nc5 42. Ra5 Nb3 43. Rxa4 Rd8 44. Rb4 Nc1 45. Rb7 c5 46. a4 Rd3+
47. Kf2 Rd1 48. a5 Rh1 49. a6 Rxh2+ 50. Kg1 Rc2 51. a7 Ne2+ 52. Kf1 Nxg3+ 53.
Ke1 Rc1+ 54. Kd2 Ra1 55. Na3 1-0

[Event "125th YMCA Summer A"]
[Site "Warszawa"]
[Date "2013.07.12"]
[Round "2"]
[White "Liberadzki, Slawomir"]
[Black "Goslawski, Michal"]
[Result "1/2-1/2"]
[WhiteElo "2070"]
[BlackElo "2118"]
[Annotator "Admin"]
[PlyCount "71"]
[EventDate "2013.07.05"]
[EventType "tourn"]
[EventRounds "2"]
[EventCountry "POL"]
[SourceDate "2013.07.05"]

1. e4 e6 2. Qe2 c5 3. Nf3 Nc6 4. g3 d6 5. Bg2 e5 6. O-O g6 7. d3 Bg7 8. c3 Nge7
9. Nh4 Qb6 10. f4 c4+ 11. Be3 cxd3 12. Qxd3 Qxb2 13. Nd2 exf4 14. Bxf4 Qxc3 15.
Qxd6 Qd4+ 16. Kh1 Qxd6 17. Bxd6 Bxa1 18. Rxa1 Be6 19. Nb3 b6 20. Rd1 Rc8 21.
Nf3 h6 22. Nfd4 Nxd4 23. Nxd4 Bg4 24. Rf1 Rc4 25. Nb5 Rc2 26. Bf4 Nc8 27. Nc7+
Kf8 28. Be5 Be2 29. Re1 Rh7 30. Nd5 f6 31. Bxf6 Rd2 32. e5 Rd1 33. Rxd1 Bxd1
34. e6 Bg4 35. Nf4 Ne7 36. a3 $11 1/2-1/2

[Event "125th YMCA Summer A"]
[Site "Warszawa"]
[Date "2013.07.12"]
[Round "2"]
[White "Szefer, Michal"]
[Black "Kasperkiewicz, Pawel"]
[Result "1-0"]
[WhiteElo "1965"]
[BlackElo "2073"]
[PlyCount "37"]
[EventDate "2013.07.05"]
[EventType "tourn"]
[EventRounds "2"]
[EventCountry "POL"]
[SourceDate "2013.07.05"]

1. e4 c6 2. d4 d5 3. e5 Bf5 4. Nc3 e6 5. g4 Bg6 6. Nge2 h6 7. Nf4 Bh7 8. h4 c5
9. g5 cxd4 10. Nb5 Nc6 11. g6 Bxg6 12. Nxg6 fxg6 13. Qg4 Bb4+ 14. c3 dxc3 15.
bxc3 Bc5 16. Qxe6+ Qe7 17. Nc7+ Kd8 18. Qxe7+ Ngxe7 19. Ne6+ 1-0

[Event "125th YMCA Summer A"]
[Site "Warszawa"]
[Date "2013.07.09"]
[Round "3"]
[White "Kasperkiewicz, Pawel"]
[Black "Szewczak, Andrzej"]
[Result "1-0"]
[WhiteElo "2073"]
[BlackElo "1974"]
[PlyCount "125"]
[EventDate "2013.07.05"]
[EventType "tourn"]
[EventRounds "2"]
[EventCountry "POL"]
[SourceDate "2013.07.05"]

1. e4 e6 2. d4 d5 3. Nc3 Bb4 4. e5 c5 5. a3 Bxc3+ 6. bxc3 Ne7 7. Nf3 Bd7 8. h4
Ba4 9. Bd3 c4 10. Be2 Qa5 11. Bd2 Nd7 12. h5 h6 13. O-O O-O-O 14. Nh4 g5 15.
Nf3 Rdf8 16. Re1 Nb6 17. Nh2 Bd7 18. Bg4 Na4 19. Rf1 f5 20. exf6 Rxf6 21. Bh3
Nf5 22. Ng4 Rff8 23. Ne5 Rh7 24. Qe1 Qd8 25. f4 g4 26. Bxg4 Rg7 27. Qe2 Rfg8
28. Rae1 Qh4 29. Ng6 Rxg6 30. hxg6 Rxg6 31. Bxf5 exf5 32. Qf2 Qh5 33. Qf3 Rg4
34. Re7 Nb6 35. Rfe1 Qg6 36. R1e5 Rg3 37. Qe2 h5 38. a4 h4 39. Re3 Nxa4 40.
Rxg3 hxg3 41. Qf3 Nb6 42. Re3 Ba4 43. Qxg3 Qxg3 44. Rxg3 Bxc2 45. Rg7 a5 46. g4
fxg4 47. Rxg4 Nd7 48. Rg5 Be4 49. Bc1 b5 50. Ba3 Nf6 51. Rg7 Nd7 52. Kf2 Kc7
53. Rf7 Bg6 54. Rg7 Bf5 55. Rg5 Be4 56. Ke3 Nb6 57. f5 Na4 58. f6 Nxc3 59. f7
b4 60. f8=Q bxa3 61. Rg7+ Kb6 62. Qc5+ Ka6 63. Ra7# 1-0

[Event "125th YMCA Summer A"]
[Site "Warszawa"]
[Date "2013.07.19"]
[Round "3"]
[White "Goslawski, Michal"]
[Black "Szefer, Michal"]
[Result "1/2-1/2"]
[WhiteElo "2118"]
[BlackElo "1965"]
[Annotator "Admin"]
[PlyCount "75"]
[EventDate "2013.07.05"]
[EventType "tourn"]
[EventRounds "2"]
[EventCountry "POL"]
[SourceDate "2013.07.05"]

1. Nf3 d6 2. c4 e5 3. Nc3 f5 4. g3 Nf6 5. Bg2 g6 6. O-O Bg7 7. d4 e4 8. Ng5 h6
9. Nh3 O-O 10. f3 exf3 11. exf3 g5 12. f4 g4 13. Nf2 Nc6 14. d5 Ne7 15. Be3 Ng6
16. Bd4 h5 17. Re1 h4 18. Qb3 Rf7 19. Re2 Nh5 20. Bxg7 Rxg7 21. Nb5 Bd7 22. Nd4
Nhxf4 23. gxf4 Nxf4 24. Nd3 Nxe2+ 25. Nxe2 Qg5 26. Ndf4 Re8 27. c5 b6 28. cxd6
cxd6 29. Rf1 Re5 30. Nd4 Rge7 31. Nde6 Bxe6 32. dxe6 Kh7 33. Qd3 h3 34. Bd5 Rc7
35. b3 Rc5 36. b4 Rc7 37. a3 Kh6 38. Ba8 $11 1/2-1/2

[Event "125th YMCA Summer A"]
[Site "Warszawa"]
[Date "2013.07.11"]
[Round "3"]
[White "Wojtaszewski, Piotr"]
[Black "Liberadzki, Slawomir"]
[Result "1/2-1/2"]
[WhiteElo "2018"]
[BlackElo "2070"]
[Annotator "Admin"]
[PlyCount "172"]
[EventDate "2013.07.05"]
[EventType "tourn"]
[EventRounds "2"]
[EventCountry "POL"]
[SourceDate "2013.07.05"]

1. d4 d5 2. Nf3 Nf6 3. g3 e6 4. Bg2 b5 5. O-O Bb7 6. c3 Nbd7 7. Bf4 c5 8. Nbd2
Be7 9. Ne5 O-O 10. Re1 Qb6 11. e3 Nxe5 12. dxe5 Nd7 13. e4 Rfd8 14. exd5 exd5
15. Qg4 Nf8 16. Nf3 Ne6 17. Nh4 Bxh4 18. Qxh4 d4 19. Bxb7 Qxb7 20. Rad1 dxc3
21. bxc3 Qf3 22. Rxd8+ Rxd8 23. Be3 Rd1 24. Rxd1 Qxd1+ 25. Kg2 Qd5+ 26. Kg1
Qxe5 27. Qe7 g5 28. Qxa7 Qxc3 29. Qb8+ Kg7 30. Qxb5 Qa1+ 31. Qf1 Qxa2 32. Qc1
Qd5 33. Qa1+ Nd4 34. Bxd4+ cxd4 35. f3 Qc5 36. Kf2 Qc2+ 37. Ke1 Qd3 38. Qc1 Kg6
39. Qc6+ Kg7 40. Qc1 $11 h6 41. Kf2 Qb3 42. Qd2 Qc4 43. Qb2 Kg6 44. Qb6+ Kg7
45. Qb2 Qd5 46. Qd2 Qe5 47. Qd3 Kf6 48. Qa6+ Qe6 49. Qd3 Qa2+ 50. Kf1 Qa1+ 51.
Kf2 Qb2+ 52. Kf1 Qc3 53. Qa6+ Kg7 54. Qe2 d3 55. Qe3 Qa1+ 56. Kf2 Qb2+ 57. Ke1
Qb1+ 58. Kd2 Qc2+ 59. Ke1 Qc3+ 60. Kd1 Kf8 61. h4 Qc2+ 62. Ke1 $11 Qc7 63. Kf2
Qd6 64. Qc1 d2 65. Qd1 gxh4 66. gxh4 Qh2+ 67. Ke3 Qxh4 68. Qxd2 Qf6 69. Kf2
Qh4+ 70. Ke3 h5 71. Qb2 Qg5+ 72. Kf2 h4 73. Qb8+ Kg7 74. Qb2+ Kh7 75. Qc2+ Qg6
76. Qc7 Kh6 77. Qf4+ Kh5 78. Qe5+ Kh6 79. Qh8+ Kg5 80. Qe5+ Qf5 81. Qg7+ Qg6
82. Qe5+ f5 83. Qe7+ Kh5 84. Qe5 Qb6+ 85. Kg2 Qg6+ 86. Kh3 Qg3+ $11 1/2-1/2

[Event "125th YMCA Summer A"]
[Site "Warszawa"]
[Date "2013.07.24"]
[Round "4"]
[White "Szewczak, Andrzej"]
[Black "Liberadzki, Slawomir"]
[Result "1/2-1/2"]
[WhiteElo "1974"]
[BlackElo "2070"]
[Annotator "Admin"]
[PlyCount "114"]
[EventDate "2013.07.05"]
[EventType "tourn"]
[EventRounds "2"]
[EventCountry "POL"]
[SourceDate "2013.07.05"]

1. e4 c5 2. Nc3 Nc6 3. g3 g6 4. Bg2 Bg7 5. f4 d6 6. Nf3 e6 7. O-O Nge7 8. Kh1
O-O 9. d3 Rb8 10. a4 a6 11. Rf2 b5 12. axb5 axb5 13. Nh4 Nd4 14. Ne2 Bb7 15. c3
Nxe2 16. Qxe2 Ra8 17. Rxa8 Qxa8 18. Be3 f5 19. e5 Nd5 20. Nf3 Nxe3 21. Qxe3
dxe5 22. fxe5 f4 23. gxf4 Bh6 24. Ne1 Bxg2+ 25. Nxg2 Bxf4 26. Qe2 Bxe5 27.
Rxf8+ Qxf8 28. Ne3 Bf4 29. Nc2 Qa8+ 30. Kg1 Qd5 31. d4 c4 32. Na3 Qg5+ 33. Kf1
Be3 34. Qf3 Qg1+ 35. Ke2 Bc1 36. Qh3 Kg7 37. Nxb5 Qg5 38. d5 Qd2+ 39. Kf1 Qd1+
40. Kf2 Qc2+ 41. Kf1 Qd1+ 42. Kf2 exd5 43. Qd7+ Kh6 44. Qh3+ Qh5 45. Qxh5+ Kxh5
46. Nc7 Bxb2 47. Nxd5 Kg4 48. Kg2 h5 49. h3+ Kg5 50. Kg3 Kf5 51. Nb6 Bxc3 52.
Nxc4 Be1+ 53. Kf3 Bb4 54. h4 Be7 55. Ne3+ Ke5 56. Ng2 Kd4 57. Nf4 Bxh4 $11
1/2-1/2

[Event "125th YMCA Summer A"]
[Site "Warszawa"]
[Date "2013.07.24"]
[Round "4"]
[White "Szefer, Michal"]
[Black "Wojtaszewski, Piotr"]
[Result "1-0"]
[WhiteElo "1965"]
[BlackElo "2018"]
[PlyCount "79"]
[EventDate "2013.07.05"]
[EventType "tourn"]
[EventRounds "2"]
[EventCountry "POL"]
[SourceDate "2013.07.05"]

1. e4 c5 2. Nf3 e6 3. d4 cxd4 4. Nxd4 Nc6 5. Nc3 Qc7 6. Be3 a6 7. Be2 Bb4 8.
O-O Bxc3 9. bxc3 Nf6 10. Nxc6 Qxc6 11. Bf3 d5 12. e5 Nd7 13. Bd4 O-O 14. Be2
Qc7 15. f4 Nc5 16. Bd3 b5 17. Qh5 g6 18. Qh6 Bb7 19. Rf3 Ne4 20. Bxe4 dxe4 21.
Rh3 f5 22. exf6 Rf7 23. Rg3 Rd8 24. h4 Rd5 25. h5 g5 26. Rxg5+ Rxg5 27. Qxg5+
Kh8 28. Re1 Qc8 29. Re3 Qg8 30. Rg3 Qf8 31. h6 Bd5 32. a3 Qd8 33. Qh5 Qd7 34.
Qe5 Qd8 35. f5 exf5 36. Qxf5 a5 37. Rg5 Bc4 38. Qxe4 b4 39. Re5 Rf8 40. f7 1-0

[Event "125th YMCA Summer A"]
[Site "Warszawa"]
[Date "2013.07.24"]
[Round "4"]
[White "Kasperkiewicz, Pawel"]
[Black "Goslawski, Michal"]
[Result "0-1"]
[WhiteElo "2073"]
[BlackElo "2118"]
[PlyCount "92"]
[EventDate "2013.07.05"]
[EventType "tourn"]
[EventRounds "2"]
[EventCountry "POL"]
[SourceDate "2013.07.05"]

1. e4 e6 2. d4 d5 3. Nc3 Bb4 4. e5 Ne7 5. a3 Bxc3+ 6. bxc3 c5 7. h4 Qc7 8. Nf3
Bd7 9. Bd3 Ba4 10. O-O Nd7 11. h5 h6 12. Re1 O-O-O 13. Be3 c4 14. Bf1 Qa5 15.
Bd2 Qc7 16. g3 Nb6 17. Bh3 Qd7 18. Nh2 Kb8 19. Nf1 Qe8 20. Ne3 Qg8 21. Re2 Qh7
22. Rc1 Rhe8 23. Ng2 a6 24. Nf4 Nc6 25. f3 Na7 26. Be1 Bd7 27. g4 Nb5 28. Ra1
Na4 29. Re3 g5 30. Ne2 Qg8 31. Bg3 Ka7 32. Qb1 a5 33. Qa2 Rc8 34. f4 Rc6 35.
Rf1 Rf8 36. fxg5 Qxg5 37. Bf4 Qh4 38. Bxh6 Rg8 39. Kh2 Rxg4 40. Rxf7 Qxh5 41.
Rxd7 Qxh6 42. Rf3 Re4 43. Ng3 Qd2+ 44. Kg1 Re1+ 45. Nf1 Nbxc3 46. Rxc3 Qxc3 0-1

[Event "125th YMCA Summer A"]
[Site "Warszawa"]
[Date "2013.07.26"]
[Round "5"]
[White "Goslawski, Michal"]
[Black "Szewczak, Andrzej"]
[Result "1-0"]
[WhiteElo "2118"]
[BlackElo "1974"]
[Annotator "Admin"]
[PlyCount "229"]
[EventDate "2013.07.05"]
[EventType "tourn"]
[EventRounds "2"]
[EventCountry "POL"]
[SourceDate "2013.07.05"]

1. e4 e5 2. Nf3 Nc6 3. Bc4 Bc5 4. c3 Qf6 5. O-O d6 6. h3 h6 7. d4 exd4 8. e5
dxe5 9. Re1 Nge7 10. Nbd2 Bf5 11. Qe2 dxc3 12. bxc3 O-O 13. Ne4 Bxe4 14. Qxe4
a6 15. Bd3 Rfe8 16. Qh7+ Kf8 17. Qh8+ Ng8 18. Rb1 Rab8 19. Bh7 Ke7 20. Be4 Kd7
21. Rd1+ Bd6 22. Qh7 Nge7 23. Nh2 Rh8 24. Ng4 Rxh7 25. Nxf6+ gxf6 26. Bxh7 f5
27. g4 fxg4 28. hxg4 h5 29. gxh5 f5 30. Kf1 Rh8 31. Bg6 Nxg6 32. hxg6 Rg8 33.
Rxb7 Rxg6 34. Ba3 Kc8 35. Rb3 Na5 36. Bxd6 Nxb3 37. Bxe5 Nc5 38. Rd5 Ne6 39. f3
f4 40. Kf2 Rh6 41. Kg2 Rg6+ 42. Kf2 Rh6 43. Kg2 $11 Rh5 44. c4 c6 45. Ra5 Nd4
46. Rc5 Nf5 47. Rxc6+ Kb7 48. Rc7+ Kb6 49. c5+ Kb5 50. Bxf4 Nh4+ 51. Kg3 Nxf3
52. Kxf3 Rxc5 $11 53. Rb7+ Ka4 54. Bd6 Rb5 55. Rc7 Rb2 56. a3 Rd2 57. Be7 Kb5
58. Ke3 Rd5 59. Ke4 Kb6 60. Rc1 Rh5 61. Kd4 Kb5 62. Rb1+ Kc6 63. Re1 Rf5 $11
64. Rc1+ Kd7 65. Bb4 Rh5 66. Rd1 Kc6 67. Kc4 Rh4+ 68. Kb3 Rh3+ 69. Ka4 Rh5 70.
Rd6+ Kb7 71. Rd7+ Kc6 72. Rd6+ Kb7 73. Rg6 Rf5 74. Kb3 Rh5 75. Bc3 Rb5+ 76. Kc4
Rb6 77. Rg7+ Kb8 78. Be5+ Kc8 79. Rc7+ Kb8 80. a4 a5 81. Rc5+ Kb7 82. Rb5 Ka6
83. Bc3 Rc6+ 84. Kb3 Rb6 85. Kc4 Rc6+ 86. Kd3 Rh6 87. Rxa5+ Kb6 88. Rf5 Ka6 89.
Kc4 Rc6+ 90. Kb4 Rb6+ 91. Rb5 Rc6 92. Ra5+ Kb7 93. Bd4 Rc1 94. Rb5+ Ka8 95. Bb6
Rc2 96. Ka5 Kb7 97. Rg5 Rc8 98. Kb5 Re8 99. Rg7+ Ka8 100. Ka6 Kb8 101. Rg6 Ka8
102. Bf2 Kb8 103. Bg1 Ka8 104. Bc5 Kb8 105. Bd6+ Kc8 106. Kb6 Kd7 107. a5 Re1
108. Bb4 Rb1 109. Rg4 Rc1 110. Rg8 Rc6+ 111. Kb5 Re6 112. a6 Re5+ 113. Bc5 Re1
114. a7 Rb1+ 115. Bb4 1-0

[Event "125th YMCA Summer A"]
[Site "Warszawa"]
[Date "2013.07.26"]
[Round "5"]
[White "Wojtaszewski, Piotr"]
[Black "Kasperkiewicz, Pawel"]
[Result "1-0"]
[WhiteElo "2018"]
[BlackElo "2073"]
[PlyCount "101"]
[EventDate "2013.07.05"]
[EventType "tourn"]
[EventRounds "2"]
[EventCountry "POL"]
[SourceDate "2013.07.05"]

1. e4 c6 2. d4 d5 3. f3 Qb6 4. Nc3 e6 5. Qd3 Nf6 6. Nge2 c5 7. exd5 Nxd5 8.
Nxd5 exd5 9. Nf4 cxd4 10. Qb5+ Qxb5 11. Bxb5+ Bd7 12. Bxd7+ Kxd7 13. Nxd5 Nc6
14. Bd2 Re8+ 15. Kf2 Bc5 16. b4 Re5 17. Nf4 Bb6 18. Nd3 Re6 19. Rhe1 Rhe8 20.
a4 a6 21. Rxe6 Rxe6 22. Rd1 Ne5 23. Nxe5+ Rxe5 24. Bf4 Rf5 25. Bg3 Rf6 26. c4
a5 27. c5 Ba7 28. Be5 Rc6 29. Bxd4 axb4 30. Ke3 Ke6 31. Rb1 Bxc5 32. Bxc5 Rxc5
33. Rxb4 Rc2 34. g4 Ra2 35. Rb6+ Ke5 36. Rxb7 Rxh2 37. Rxf7 g6 38. a5 h5 39. g5
Ra2 40. f4+ Kd5 41. Re7 Ra3+ 42. Kf2 Ra2+ 43. Re2 Ra4 44. Kf3 Ra3+ 45. Re3 Ra1
46. Kg3 Kd4 47. Re6 Rxa5 48. Rxg6 Ke4 49. Re6+ Kf5 50. Rf6+ Ke4 51. Kh4 1-0

[Event "125th YMCA Summer A"]
[Site "Warszawa"]
[Date "2013.08.01"]
[Round "5"]
[White "Liberadzki, Slawomir"]
[Black "Szefer, Michal"]
[Result "1-0"]
[WhiteElo "2070"]
[BlackElo "1965"]
[PlyCount "35"]
[EventDate "2013.07.05"]
[EventType "tourn"]
[EventRounds "2"]
[EventCountry "POL"]
[SourceDate "2013.07.05"]

1. c4 e5 2. Nc3 Nc6 3. g3 g6 4. Bg2 Bg7 5. e3 d6 6. Nge2 h5 7. h4 Bg4 8. d3 Qd7
9. Qa4 Nge7 10. b4 O-O 11. b5 Nd8 12. Bb2 Ne6 13. Qc2 Nc5 14. Ba3 e4 15. Bxc5
exd3 16. Qxd3 Bxe2 17. Kxe2 Qg4+ 18. Bf3 1-0

[Event "125th YMCA Summer A"]
[Site "Warszawa"]
[Date "2013.07.22"]
[Round "6"]
[White "Szewczak, Andrzej"]
[Black "Szefer, Michal"]
[Result "1-0"]
[WhiteElo "1974"]
[BlackElo "1965"]
[PlyCount "63"]
[EventDate "2013.07.05"]
[EventType "tourn"]
[EventRounds "2"]
[EventCountry "POL"]
[SourceDate "2013.07.05"]

1. e4 d6 2. f4 e5 3. Nf3 exf4 4. d4 g5 5. Bc4 Bg7 6. h4 h6 7. hxg5 hxg5 8. Rxh8
Bxh8 9. c3 Nh6 10. g3 g4 11. Bxf4 gxf3 12. Bxh6 Qf6 13. Bf4 Bg4 14. Kf2 Nd7 15.
Nd2 Qg6 16. Nxf3 O-O-O 17. Bd3 Nf6 18. Nh4 Qxe4 19. Bxe4 Nxe4+ 20. Kg2 Bxd1 21.
Rxd1 Bf6 22. Nf3 Rg8 23. Re1 d5 24. c4 Nd6 25. cxd5 Bd8 26. Rc1 Be7 27. b3 Kd8
28. Ne5 f6 29. Nd3 Rh8 30. Nc5 b6 31. Ne6+ Ke8 32. Rxc7 1-0

[Event "125th YMCA Summer A"]
[Site "Warszawa"]
[Date "2013.08.02"]
[Round "6"]
[White "Liberadzki, Slawomir"]
[Black "Kasperkiewicz, Pawel"]
[Result "1/2-1/2"]
[WhiteElo "2070"]
[BlackElo "2073"]
[Annotator "Admin"]
[PlyCount "53"]
[EventDate "2013.07.05"]
[EventType "tourn"]
[EventRounds "2"]
[EventCountry "POL"]
[SourceDate "2013.07.05"]

1. c4 e5 2. Nc3 Nf6 3. g3 Bb4 4. Bg2 O-O 5. Nf3 Nc6 6. O-O e4 7. Ng5 Bxc3 8.
bxc3 Re8 9. d3 exd3 10. exd3 h6 11. Ne4 Nxe4 12. Bxe4 d6 13. Bf4 Qf6 14. Re1
Bf5 15. Bxf5 Qxf5 16. Rb1 g5 17. Rxe8+ Rxe8 18. Be3 b6 19. Bd4 Ne5 20. Bxe5
Rxe5 21. d4 Re7 22. Rb5 Qe6 23. c5 dxc5 24. dxc5 Qe1+ 25. Qxe1 Rxe1+ 26. Kg2
Rc1 27. Rb3 $11 1/2-1/2

[Event "125th YMCA Summer A"]
[Site "Warszawa"]
[Date "2013.08.29"]
[Round "6"]
[White "Wojtaszewski, Piotr"]
[Black "Goslawski, Michal"]
[Result "1/2-1/2"]
[WhiteElo "2018"]
[BlackElo "2118"]
[Annotator "Admin"]
[PlyCount "157"]
[EventDate "2013.07.05"]
[EventType "tourn"]
[EventRounds "2"]
[EventCountry "POL"]
[SourceDate "2013.07.05"]

1. c4 Nf6 2. Nc3 e6 3. d4 Bb4 4. Qc2 d5 5. e3 O-O 6. Nf3 c5 7. a3 Bxc3+ 8. bxc3
dxc4 9. Bxc4 Qc7 10. O-O Nbd7 11. a4 b6 12. Qe2 Bb7 13. Bd2 Rac8 14. Bd3 e5 15.
Bf5 Rcd8 16. e4 exd4 17. cxd4 Rfe8 18. Bg5 Bxe4 19. Bxd7 Qxd7 20. dxc5 Bd3 21.
Qb2 Bxf1 22. Rxf1 bxc5 23. Bxf6 gxf6 24. Qxf6 Re6 25. Qg5+ Rg6 26. Qxc5 Qg4 27.
Ne1 Qxa4 28. h4 Qd4 29. Qe7 Qd7 30. Qc5 Rc8 31. Qa5 Qc7 32. Qa1 a5 33. g3 Qc3
34. Qa4 Rc4 35. Qe8+ Kg7 36. Ng2 Rc8 37. Qd7 Rc7 38. Qd8 Rc8 39. Qd7 Qc5 40.
Nf4 Rc7 41. Qd3 Qc4 42. Qf3 Qc3 43. Qe2 Qc5 44. Nxg6 $11 hxg6 45. Ra1 Qc3 46.
Ra2 Rc5 47. Ra4 Qb3 48. Rf4 Qb1+ $11 49. Kh2 Rf5 50. Rxf5 Qxf5 51. Qb2+ $11 Kg8
52. Qb8+ Kg7 53. Qa7 Qd5 54. Qb6 Qd2 55. Kg2 Qb4 56. Qa7 a4 57. h5 gxh5 58. Qe3
Qb5 59. Qd4+ Kg6 60. Kh2 Qf5 61. Kg2 Qc2 62. Qd6+ f6 63. Qe6 Qb3 64. Qe8+ Kg7
65. Qd7+ Kf8 66. Qd8+ $11 Kg7 67. Qe7+ Qf7 68. Qc5 Qe8 69. Qc7+ Qf7 70. Qc5
Qb7+ 71. Kh2 Qe4 72. Qc7+ Kg6 73. Qc8 Qb4 74. Qg8+ Kh6 75. Qh8+ Kg6 76. Qg8+
Kh6 77. Qh8+ Kg5 78. Qg8+ Kf5 79. Qd5+ 1/2-1/2

[Event "125th YMCA Summer A"]
[Site "Warszawa"]
[Date "2013.08.14"]
[Round "7"]
[White "Wojtaszewski, Piotr"]
[Black "Szewczak, Andrzej"]
[Result "1-0"]
[WhiteElo "2018"]
[BlackElo "1974"]
[PlyCount "75"]
[EventDate "2013.07.05"]
[EventType "tourn"]
[EventRounds "2"]
[EventCountry "POL"]
[SourceDate "2013.07.05"]

1. e4 e5 2. Nf3 Nc6 3. Bb5 a6 4. Bxc6 dxc6 5. h3 Bd6 6. O-O h5 7. d4 f6 8. dxe5
fxe5 9. Qe2 Qf6 10. Bg5 Qg6 11. Qe3 Nf6 12. Nbd2 Be6 13. Nh4 Qh7 14. f4 Nd7 15.
Kh1 exf4 16. Bxf4 O-O-O 17. Bxd6 cxd6 18. Ndf3 Qh6 19. Qxh6 Rxh6 20. Rad1 Nc5
21. Ng5 Bc4 22. Rf2 Rf6 23. Rfd2 Kc7 24. e5 Rf4 25. exd6+ Kb6 26. Rd4 Rxd4 27.
Rxd4 Bd5 28. c4 Ne6 29. Rxd5 cxd5 30. Nxe6 Rd7 31. c5+ Kb5 32. Nf3 d4 33. Ne5
Rf7 34. Nxf7 d3 35. Nd4+ Kxc5 36. d7 Kxd4 37. d8=Q+ Ke3 38. Ne5 1-0

[Event "125th YMCA Summer A"]
[Site "Warszawa"]
[Date "2013.08.14"]
[Round "7"]
[White "Kasperkiewicz, Pawel"]
[Black "Szefer, Michal"]
[Result "1-0"]
[WhiteElo "2073"]
[BlackElo "1965"]
[Annotator "Admin"]
[PlyCount "193"]
[EventDate "2013.07.05"]
[EventType "tourn"]
[EventRounds "2"]
[EventCountry "POL"]
[SourceDate "2013.07.05"]

1. e4 c5 2. Nf3 d6 3. Bb5+ Bd7 4. Bxd7+ Qxd7 5. c4 Qg4 6. O-O Qxe4 7. d4 cxd4
8. Re1 Qg4 9. h3 Qh5 10. Qb3 b6 11. Nxd4 Nf6 12. Nb5 Qc5 13. Qf3 d5 14. Bf4 Na6
15. Nd6+ Kd7 16. Nxf7 Rg8 17. Nc3 Ke8 18. Ne5 g5 19. Bg3 Nb4 20. Rac1 Rd8 21.
a3 Nc6 22. b4 Nxe5 23. Bxe5 Qxc4 24. Bxf6 g4 25. hxg4 Qxg4 26. Qxg4 Rxg4 27. f3
Rc4 28. Rcd1 d4 29. Nb5 Kf7 30. Be5 d3 31. Re4 Rxe4 32. fxe4 Bh6 33. Nd4 d2 34.
Kf1 Be3 35. Nf3 Rd3 36. a4 Rb3 37. b5 Rb4 38. Nxd2 Bxd2 39. Rxd2 Rxe4 40. Bb8
Rxa4 41. Ke2 Ra3 $11 42. Rd3 Ra2+ 43. Kf3 Rb2 44. Rd7 Rxb5 45. Rxa7 Kf6 46. Rb7
Rb4 47. Ba7 b5 48. Bc5 Rb3+ 49. Kf2 Rb2+ 50. Kg3 Rb3+ 51. Kh2 h5 52. Bxe7+ Kf5
53. Bf8 Rb1 54. Rb6 Kg4 55. Rg6+ Kf5 56. Rh6 Kg5 57. Rb6 Kg4 58. Rb8 Rf1 59.
Bc5 Rb1 60. Rg8+ Kf5 61. Rf8+ Kg4 62. Be3 Rb3 63. Rf4+ Kg5 64. Bd2 Rb2 65. Rd4+
Kg6 66. Kh3 Rb1 67. Kg3 Rd1 68. Bc3 Rb1 69. Rb4 Rd1 70. Bh8 Rd8 71. Bb2 Rd5 72.
Kh3 Rc5 73. g3 Rf5 74. Kg2 Rg5 75. Kf3 Rf5+ 76. Rf4 Rd5 77. Rd4 Rc5 78. Rd6+
Kf5 79. Bd4 Rc4 80. Ke3 Rb4 81. Kf3 Rb3+ 82. Be3 b4 83. Rd5+ Kg6 84. Rg5+ Kh6
85. Rb5+ Kg6 86. Kf4 Rb1 87. Rb6+ Kg7 88. Kg5 b3 89. Kxh5 Kf7 90. Bd4 Rd1 91.
Rb4 Ke6 92. Kg5 Kd5 93. Bf6 Rd3 94. g4 Kc5 95. Rb8 Kc6 96. Kg6 Kc7 97. Rb4 1-0

[Event "125th YMCA Summer A"]
[Site "Warszawa"]
[Date "2013.07.11"]
[Round "8"]
[White "Szewczak, Andrzej"]
[Black "Kasperkiewicz, Pawel"]
[Result "1-0"]
[WhiteElo "1974"]
[BlackElo "2073"]
[PlyCount "71"]
[EventDate "2013.07.05"]
[EventType "tourn"]
[EventRounds "2"]
[EventCountry "POL"]
[SourceDate "2013.07.05"]

1. f4 d5 2. Nf3 g6 3. g3 Bg7 4. Bg2 Nf6 5. c3 O-O 6. O-O c5 7. d4 Qb6 8. h3
cxd4 9. Qxd4 Qxd4+ 10. Nxd4 Nc6 11. Be3 Bd7 12. Nd2 Rfc8 13. g4 e6 14. N2b3 Be8
15. Rad1 h5 16. f5 gxf5 17. gxf5 e5 18. Nb5 Na5 19. Nd6 Nc4 20. Nxc4 Rxc4 21.
Bxd5 Nxd5 22. Rxd5 Bc6 23. Rd6 Re4 24. Kf2 f6 25. Rg1 Kf7 26. Nc5 Rxe3 27. Kxe3
Bf8 28. Rgd1 Bxd6 29. Rxd6 Rg8 30. Nxb7 Rg3+ 31. Kf2 Rg2+ 32. Kf1 Be4 33. Nc5
Ba8 34. Rd7+ Ke8 35. Rxa7 Bc6 36. Rc7 1-0